|
|
|
|
| LEADER |
00000nam0a2200000 4500 |
| 001 |
10365 |
| 005 |
20231101204718.0 |
| 010 |
|
|
|a 5886870156
|
| 035 |
|
|
|a (RuTPU)RU\TPU\book\10426
|
| 035 |
|
|
|a BOOK00010491
|
| 090 |
|
|
|a 10365
|
| 100 |
|
|
|a 20011209d1996 m y0rusy50 ca
|
| 101 |
0 |
|
|a rus
|
| 102 |
|
|
|a RU
|
| 105 |
|
|
|a y j 000zy
|
| 200 |
1 |
|
|a Педагогика. Проективная педагогика
|e учебник
|f В. С. Безрукова
|
| 210 |
|
|
|a Екатеринбург
|c Деловая книга
|d 1996
|
| 215 |
|
|
|a 342 с.
|
| 606 |
1 |
|
|a Педагогика общая
|2 stltpush
|3 (RuTPU)RU\TPU\subj\48422
|9 67292
|
| 606 |
1 |
|
|a Педагогика высшей школы
|2 stltpush
|3 (RuTPU)RU\TPU\subj\48421
|9 67288
|
| 610 |
1 |
|
|a педагогика
|
| 610 |
1 |
|
|a педагогическое проектирование
|
| 610 |
1 |
|
|a профессионально-техническое образование
|
| 610 |
1 |
|
|a инженерно-педагогическое образование
|
| 610 |
1 |
|
|a воспитательный процесс
|
| 610 |
1 |
|
|a начальное профессиональное образование
|
| 610 |
1 |
|
|a учебные пособия
|
| 686 |
|
|
|a Ч31я73
|v LBC/SL-A
|2 rubbk
|
| 686 |
|
|
|a Ч48я73
|v LBC/SL-A
|2 rubbk
|
| 700 |
|
1 |
|a Безрукова
|b В. С.
|g Валентина Сергеевна
|
| 801 |
|
0 |
|a RU
|b 63413507
|c 20011209
|g PSBO
|
| 801 |
|
2 |
|a RU
|b 63413507
|c 20131206
|g PSBO
|
| 942 |
|
|
|c BK
|